Countries by Rice Krispies Noises - Statistics

General Stats
  • This quiz has been taken 1,057 times
  • The average score is 7 of 10
Answer Stats
Rice Krispies Noises Country % Correct
Snap! Crackle! Pop! USA/UK/Australia/NZ
99%
Knisper! Knasper! Knusper! Germany
94%
Pif! Paf! Pof! Netherlands/Belgium/Italy
89%
Piff! Paff! Puff! Norway/Sweden
78%
Pim! Pum! Pam! Mexico
75%
Pif! Paf! Puf! Denmark
67%
Poks! Riks! Raks! Finland
65%
Cric! Crac! Croc! Canada
62%
Piff! Paff! Poff! Switzerland
49%
Knap! Knaetter! Knak! South Africa
43%
No matching quizzes found
Score Distribution
Percent of People with Each Score
Percentile by Number Answered
Your Score History
You have not taken this quiz